00121nam a22000617a 4500100001300000245003800013260000800051 aPole, P. aTReasure Trove of India Knowledge b208